<?xml version="1.0" encoding="UTF-8"?>
<collection xmlns="http://www.loc.gov/MARC21/slim">
 <record>
  <leader>00998nam a2200217 a 4500</leader>
  <controlfield tag="001">1/27243</controlfield>
  <controlfield tag="008">050718s2005    gr a     bm   000 0 eng  </controlfield>
  <datafield tag="035" ind1=" " ind2=" ">
   <subfield code="l">29102</subfield>
  </datafield>
  <datafield tag="082" ind1="0" ind2="0">
   <subfield code="a">330.08 ΠΑΡ</subfield>
  </datafield>
  <datafield tag="100" ind1="1" ind2=" ">
   <subfield code="a">Παρέλλης, Ιωάννης.</subfield>
  </datafield>
  <datafield tag="245" ind1="1" ind2="0">
   <subfield code="a">Financial variables and real economic activity /</subfield>
   <subfield code="c">Παρέλλης Ιωάννης</subfield>
  </datafield>
  <datafield tag="260" ind1=" " ind2=" ">
   <subfield code="a">Peiraeus :</subfield>
   <subfield code="b">University of Piraeus,</subfield>
   <subfield code="c">2005</subfield>
  </datafield>
  <datafield tag="300" ind1=" " ind2=" ">
   <subfield code="a">180 p. :</subfield>
   <subfield code="b">tables ;</subfield>
   <subfield code="c">30 cm. +</subfield>
   <subfield code="e">1 computer disk</subfield>
  </datafield>
  <datafield tag="502" ind1=" " ind2=" ">
   <subfield code="a">Thesis (M. A.)--University of Piraeus, 2005</subfield>
  </datafield>
  <datafield tag="504" ind1=" " ind2=" ">
   <subfield code="a">Includes bibliographical references.</subfield>
  </datafield>
  <datafield tag="650" ind1=" " ind2="4">
   <subfield code="a">Διατριβές.</subfield>
  </datafield>
  <datafield tag="650" ind1=" " ind2="4">
   <subfield code="a">Dissertations, Academic.</subfield>
  </datafield>
  <datafield tag="650" ind1=" " ind2="4">
   <subfield code="a">Finance</subfield>
   <subfield code="x">Econometric models.</subfield>
  </datafield>
  <datafield tag="710" ind1="2" ind2=" ">
   <subfield code="a">Πανεπιστήμιο Πειραιώς. Τμήμα Χρηματοοικονομικής και Τραπεζικής Διοικητικής.</subfield>
  </datafield>
  <datafield tag="852" ind1=" " ind2=" ">
   <subfield code="a">INST</subfield>
   <subfield code="b">UNIPILB</subfield>
   <subfield code="c">DISS</subfield>
   <subfield code="e">20050718</subfield>
   <subfield code="h">330.08 ΠΑΡ</subfield>
   <subfield code="p">00148828</subfield>
   <subfield code="q">00148828</subfield>
   <subfield code="t">NOLOAN</subfield>
   <subfield code="y">23</subfield>
   <subfield code="4">1</subfield>
  </datafield>
  <datafield tag="856" ind1="4" ind2="1">
   <subfield code="u">http://digilib.lib.unipi.gr/dspace/handle/unipi/522</subfield>
  </datafield>
 </record>
</collection>
